000 00478nam a2200181Ia 4500
005 20250603145159.0
008 250603s9999 xx 000 0 und d
020 _a9789789462308
050 _aZ 665 .U43/
100 _aUmar, Abubakar...[et al].
245 0 _aIntroduction to library and information resources and services
260 _aKaduna
260 _bYoyce Graphic Printers and Publishers
260 _c2016
300 _a232 p
650 _aKaduna
942 _cBK
999 _c41111
_d41111